000 00532cam a2200193ua 4500
020 _a0-7137-2907-7
_cRs 66.48
041 _aeng
_h
082 _a581.1
_bSTR/PH
100 _aStreet, H E .
245 _aPhysiology of lfowering plants: their growth and development /
_cH E Street.
_hTextual Documents
250 _a3 /
_b.
260 _aLondon :
_bEnglish Language Book Society ,
_c1984.
300 _a279 ; .
365 _aRs 66.48
504 _a
700 1 _aLelgi, Opic .
942 _cBK
999 _c1377
_d1377